000 00306nam a22001337a 4500
008 190311b xxu||||| |||| 00| 0 eng d
020 _a9780913383391
041 _aeng
080 _a371
100 _a46
101 _aEDU
245 _aTeacher, Teacher! Did You Know...
_cSpiceland,J.A
942 _2udc
_cBK
999 _c54660
_d54660